| 000 | 00361 a2200169 4500 | ||
|---|---|---|---|
| 001 | 186837 | ||
| 020 | _a85-16-01217-4 | ||
| 040 | _cMagnum | ||
| 100 | _aFiuza, Elza | ||
| 240 | 1 | 0 |
_aO burrinho tró-ló-ló _lpor |
| 245 | 1 | 0 | _aO burrinho tró-ló-ló |
| 300 | _a24 | ||
| 362 | 0 | _a1995 | |
| 440 | 1 | _aModerna | |
| 697 | _aLITERATURA INFANTIL | ||
| 942 | _cBK | ||
| 999 |
_c186837 _d186837 |
||